00699nam a22001937a 450000500170000001000150001702000270003203500140005903700130007308200080008610000200009424501350011426000380024927000530028730000370034050000940037770000160047170000180048720180725102846.0 aENG-123590 c1000.00a9788190892667 aEN-107122 bDBAD/PUB a921 aRajendra Prasad aWalking down the lane....:cby Rajendra Prasad; ed. by Vijay Kumar [and] Tejakar Jhaba pictorial tribute to Dr. Rajendra Prasad / aPatnac2010bBihar State Archives aAbhilekhagar Bhawan, Bailey Road,e800001bPatna a320p.c27cm.(Hb)bill.(pictures) aA pictorial tribute to Dr. Rajendra Prasad, The First President of the Republic of India. aVijay Kumar a Jha, Tejakar